banner-ar

تاريخ العرب العام : (Record no. 60086)

MARC details
000 -الفاتح
حقل البيانات ثابتة الطول 01407nam a22003377a 4500
005 - وقت وتاريخ اخر تعامل مع التسجيلة
رقم الضبط 20240530110352.0
008 - عناصر البيانات ثابتة الطول - معلومات عامة
حقل البيانات ثابتة الطول 141224s2002 jo g 000 0 ara d
040 ## - مصدر الفهرسة
وكالة الفهرسة الأصلية EG-CaGPL
041 1# - رمز اللغة
رمز لغة النص/ المسارات الصوتية أو العنوان الانفرادي ara
رمز لغة الترجمات و/او الاصلية المتوسطة للنص eng
082 04 - رقم تصنيف ديوى العشرى
رقم الطبعة 21
رقم التصنيف 953\
رقم المادة س ت
100 1# - المدخل الرئيسى - إسم شخصى
الإسم الشخصى سيديو ، ك. أ.
245 10 - بيان العنوان
العنوان تاريخ العرب العام :
بقية العنوان حضارتهم : مدارسهم الفلسفية و العلمية و الادبية /
بيان المسئوليه,etc ك. أ. سيديو ؛ ترجمة عبدالله على الشيخ
250 ## - بيان الطبعة
بيان الطبعة ط1
260 ## - PUBLICATION, DISTRIBUTION, ETC. (IMPRINT)
تاريخ النشر أو التوزيع 2002
300 ## - الوصف المادى
التعداد 465 ص ؛
أبعاد الوعاء 24 سم
650 04 - المدخل الاضافى بالموضوع-مصطلح موضوعى
مصطلح موضوعي الحضارة الاسلامية
650 04 - المدخل الاضافى بالموضوع-مصطلح موضوعى
مصطلح موضوعي الحضارة العربية
650 04 - المدخل الاضافى بالموضوع-مصطلح موضوعى
مصطلح موضوعي العلوم عند العرب
650 04 - المدخل الاضافى بالموضوع-مصطلح موضوعى
مصطلح موضوعي المدارس الاسلامية
650 04 - المدخل الاضافى بالموضوع-مصطلح موضوعى
مصطلح موضوعي العالم العربى
التقسيم الفرعي العام جغرافيا
651 04 - المدخل الاضافى بالموضوع - اسم جغرافى
الاسم الجغرافي العالم العربى
التقسيم الفرعي العام تاريخ
651 04 - المدخل الاضافى بالموضوع - اسم جغرافى
الاسم الجغرافي العالم العربى
التقسيم الفرعي العام تاريخ
التقسيم الفرعي الزمني عصر صدر الاسلام
651 04 - المدخل الاضافى بالموضوع - اسم جغرافى
الاسم الجغرافي العالم العربى
التقسيم الفرعي العام تاريخ
التقسيم الفرعي الزمني العصر الاسلامى
651 04 - المدخل الاضافى بالموضوع - اسم جغرافى
الاسم الجغرافي العالم العربى
التقسيم الفرعي العام تاريخ
التقسيم الفرعي الزمني عصر الخلفاء الراشدين
651 04 - المدخل الاضافى بالموضوع - اسم جغرافى
الاسم الجغرافي الاندلس
651 04 - المدخل الاضافى بالموضوع - اسم جغرافى
الاسم الجغرافي قرطبة
651 04 - المدخل الاضافى بالموضوع - اسم جغرافى
الاسم الجغرافي الدولة العباسية
700 0# - المدخل الاضافى - اسم شخصى
الإسم الشخصى عبدالله على الشيخ
الدور مترجم
942 ## - عناصر المدخل الإضافي( كوها)
مصدر التصنيف او مخطط الترفيف Dewey Decimal Classification
Koha [default] item type كتاب
260 ## - PUBLICATION, DISTRIBUTION, ETC. (IMPRINT)
-- عمان :
-- الاهلية للنشر والتوزيع ،
Holdings
حالة التراجع حالة الفقد حالة تلف ليس للاعارة المكان المؤقت الموقع الحالى تاريخ الاكتساب اجمالي اﻻعارات رقم الطلب الباركود تاريخ اخر مشاهدة تاريخ تفعيل السعر نوع وعاء كوها
        مكتبة القاهرة الكبرى مكتبة القاهرة الكبرى 12/24/2014   953\ س ت 159075 12/24/2014 12/24/2014 كتاب

Powered By

EGPV